00973nam a2200169Ia 4500008004100000020002200041041000800063082002700071100002700098245002700125260003700152300000900189999001900198952019000217952020600407952019000613230411s9999 xx 000 0 und d a978-81-8448-977-4 aeng aF/610.73069/GOW/B06488 aGowda Nanjunde9179148 aFoundations of Nursing bJaypee BrothersaNew Delhic2010 a724p c156892d156892 001040708FaBTINbBTINd2010-12-21eB.J.Medical Co-oprative College Storesg695.00i2892l0oF 610.73069 GOW B06488pBTIN-BK-6488r2023-04-11 00:00:00v521.00w2010-12-21yBKzB06488 001040708FaBTINbBTINd2010-12-21eB.J.Medical Co-oprative College Storesg595.00i2892l2oF 610.73069 GOW GOW B06489pBTIN-BK-6489r2026-02-06 15:58:40s2026-02-05v446.00w2010-12-21yBKzB06489 001040708FaBTINbBTINd2012-02-25eJaypee Brothers Medical Publishersg650.00i2892l0oF 610.73069 GOW GOW B07023pBTIN-BK-7023r2023-04-11 00:00:00v474.00w2010-12-21yBKzB07023